El Componente de género en las plataformas de ARENA y FMLN-USC

Sábháilte in:
Sonraí bibleagrafaíochta
Formáid: Téacs
Ábhair:
Clibeanna: Cuir clib leis
Níl clibeanna ann, Bí ar an gcéad duine le clib a chur leis an taifead seo!

MARC

LEADER 00000 a a2200000 04500
001 6267
003
040
245 |a El Componente de género en las plataformas de ARENA y FMLN-USC  
650 |a MUJERES  
650 |a PARTIDOS POLITICOS  
650 |a ELECCIONES  
773 |g volumen 19, número 844; páginas 8-10  
999 |c 27492  |d 27492